000 00326nam a2200145Ia 4500
100 _aWeinwurm/ E.H.
650 _aGeneral
942 _cBK
654 _aLong term profit planning
245 _aLong term profit planning
260 _bTaraporevala.
_aBombay
_c1980
082 _a658.155
300 _a260
546 _aENGLISH
999 _c23062
_d23062